[Event "N4 LTR/Bogny"]
[Site "?"]
[Date "2008.11.23"]
[Round "2"]
[White "GUYON, Cyndie"]
[Black "LASSALLE, Arnaud"]
[Result "1-0"]
[WhiteElo "1877"]
[BlackElo "2047"]
[PlyCount "55"]
[EventDate "2008.11.27"]
[SourceDate "2008.11.27"]

1. d4 d5 2. c4 dxc4 3. Nf3 Nf6 4. e3 e6 5. Bxc4 a6 6. Nc3 b5 7. Be2 Bb7 8. O-O
Nbd7 9. Nd2 c5 10. Bf3 Bxf3 11. Nxf3 Be7 12. Qe2 O-O 13. Rd1 c4 14. a3 Qa5 15.
Bd2 Qb6 16. e4 Rfe8 17. Bg5 Rac8 18. e5 Nd5 19. Bxe7 Nxe7 20. Ne4 Rf8 21. Nd6
Rc6 22. Ng5 h6 23. Nge4 Nd5 24. Qf3 f6 25. Qg3 fxe5 26. dxe5 Nf4 27. Rd2 Nxe5
28. Ne8 1-0

[Event "N4 LTR/Bogny"]
[Site "?"]
[Date "2008.11.23"]
[Round "2"]
[White "COLLET, Guillaume"]
[Black "LEGHBALI, Sophiane"]
[Result "1/2-1/2"]
[WhiteElo "1989"]
[BlackElo "1876"]
[PlyCount "78"]
[EventDate "2008.11.24"]
[SourceDate "2008.11.28"]

1. d4 Nf6 2. Bg5 g6 3. Bxf6 exf6 4. g3 c5 5. d5 Qb6 6. Qc1 Bh6 7. e3 O-O 8. Nd2
Re8 9. Nc4 Qc7 10. a4 d6 11. Bg2 Nd7 12. Nf3 Nb6 13. Nxb6 Qxb6 14. O-O Bf5 15.
Nd2 Re7 16. Nc4 Qc7 17. Qd1 Rae8 18. Re1 b6 19. h3 Bd7 20. Qd2 f5 21. c3 Bc8
22. Kh1 Ba6 23. Na3 Qd7 24. c4 Bc8 25. a5 bxa5 26. Qxa5 a6 27. Rab1 Bg7 28.
Rec1 Qc7 29. Qxc7 Rxc7 30. b4 cxb4 31. Rxb4 Rc5 32. Ra4 Re7 33. Rb1 Rb7 34.
Rxb7 Bxb7 35. Rb4 Rc7 36. Bf1 Kf8 37. Rb6 Ke7 38. c5 Bxd5+ 39. Kh2 dxc5 1/2-1/2

[Event "N4 LTR/Bogny"]
[Site "?"]
[Date "2008.11.23"]
[Round "2"]
[White "ALCIDI, Valentin"]
[Black "LOUIS, André"]
[Result "0-1"]
[WhiteElo "1864"]
[BlackElo "1892"]
[PlyCount "92"]
[EventDate "2008.11.24"]
[SourceDate "2008.11.28"]

1. d4 Nf6 2. Bg5 e6 3. Nd2 d5 4. e3 Be7 5. Bd3 Nbd7 6. f4 c5 7. c3 a5 8. Ngf3
h6 9. Bh4 b6 10. Ne5 Nxe5 11. fxe5 Nd7 12. Bxe7 Qxe7 13. O-O Ba6 14. c4 O-O 15.
Qg4 cxd4 16. exd4 Qb4 17. Rf2 Bxc4 18. Nxc4 dxc4 19. Be4 Rad8 20. Raf1 Qe7 21.
h4 f5 22. exf6 Nxf6 23. Qg6 Nxe4 24. Rxf8+ Rxf8 25. Rxf8+ Kxf8 26. Qxe4 Qd6 27.
Qa8+ Kf7 28. Qf3+ Kg8 29. Qa8+ Kh7 30. Qe4+ Kg8 31. Qa8+ Kf7 32. Qf3+ Ke8 33.
Qa8+ Kd7 34. Qb7+ Qc7 35. Qe4 c3 36. bxc3 Qxc3 37. Qb7+ Qc7 38. Qe4 Qc6 39. Qg4
Qc1+ 40. Kh2 g5 41. hxg5 hxg5 42. Qe2 Qf4+ 43. Kh1 Qxd4 44. Qb5+ Kd6 45. Qxg5
Qa1+ 46. Kh2 Qe5+ 0-1

[Event "N4 LTR/Bogny"]
[Site "?"]
[Date "2008.11.23"]
[Round "2"]
[White "HALFAOUI, Eddine"]
[Black "PRIOUX, Michel"]
[Result "1/2-1/2"]
[WhiteElo "1876"]
[BlackElo "1839"]
[PlyCount "81"]
[EventDate "2008.11.24"]
[SourceDate "2008.11.28"]

1. e4 d6 2. Nf3 Nf6 3. Nc3 g6 4. Bc4 Bg7 5. O-O O-O 6. d4 c6 7. Bb3 b5 8. a3
Nbd7 9. e5 Nd5 10. Nxd5 cxd5 11. Bxd5 Rb8 12. e6 Nf6 13. exf7+ Kh8 14. Bb3 d5
15. Ne5 Rb6 16. c3 Be6 17. f4 Bxf7 18. Be3 Be6 19. Bc2 Bf5 20. Bxf5 gxf5 21.
Rf3 Ne4 22. Rh3 Rh6 23. Rxh6 Bxh6 24. Qh5 Kg7 25. g4 fxg4 26. Nxg4 Qd6 27.
Qxh6+ Qxh6 28. Nxh6 Kxh6 29. Kg2 Rf5 30. Rc1 Rh5 31. b3 Nf6 32. c4 bxc4 33.
bxc4 dxc4 34. Rxc4 Nd5 35. Bd2 Kg6 36. Kg3 Kf5 37. Ra4 Ke4 38. Rxa7 Rh6 39. a4
Rg6+ 40. Kh3 Rh6+ 41. Kg2 1/2-1/2

[Event "N4 LTR/Bogny"]
[Site "?"]
[Date "2008.11.23"]
[Round "2"]
[White "RENARD, Luc"]
[Black "TRISTANT, Roger"]
[Result "1/2-1/2"]
[WhiteElo "1720"]
[BlackElo "1860"]
[PlyCount "80"]
[EventDate "2008.11.24"]
[SourceDate "2008.11.28"]

1. d4 Nf6 2. Nf3 g6 3. Bg5 Bg7 4. Nbd2 O-O 5. e3 d5 6. Bd3 Nbd7 7. O-O c5 8. c3
Re8 9. Re1 a6 10. e4 dxe4 11. Nxe4 Nxe4 12. Bxe4 cxd4 13. Nxd4 Nc5 14. Nc6 Qxd1
15. Raxd1 Nxe4 16. Nxe7+ Kf8 17. Rxe4 f6 18. Bf4 Bf5 19. Ree1 Bc2 20. Rd2 Kf7
21. Rxc2 Rxe7 22. Rce2 Rae8 23. Kf1 f5 24. Rxe7+ Rxe7 25. Rxe7+ Kxe7 26. Ke2
Ke6 27. Kd3 b5 28. b3 h6 29. c4 g5 30. Be3 Bf6 31. cxb5 axb5 32. a4 bxa4 33.
bxa4 Bd8 34. f3 Kd5 35. Kc3 Ba5+ 36. Kd3 Bd8 37. h3 h5 38. g4 hxg4 39. hxg4 f4
40. Bd4 Be7 1/2-1/2

[Event "N4 LTR/Bogny"]
[Site "?"]
[Date "2008.11.23"]
[Round "2"]
[White "ROGNION, Eric"]
[Black "WACZECKA, Jerome"]
[Result "0-1"]
[WhiteElo "1780"]
[BlackElo "1680"]
[PlyCount "113"]
[EventDate "2008.11.24"]
[SourceDate "2008.11.28"]

1. Nc3 b6 2. Nf3 Bb7 3. e4 e6 4. d3 Bb4 5. Bd2 Ne7 6. a3 Bxc3 7. Bxc3 O-O 8.
Be2 f5 9. e5 Qe8 10. Qd2 Nbc6 11. O-O-O Nd5 12. d4 Nce7 13. Rhg1 Ng6 14. g3 Rc8
15. g4 Ngf4 16. Rde1 Nh3 17. Rg2 Nhf4 18. Rg3 fxg4 19. Ng5 h6 20. Ne4 Nxc3 21.
Nxc3 Nxe2+ 22. Qxe2 Bf3 23. Qd3 Qh5 24. Ne4 Kh8 25. Reg1 Qf5 26. Re1 h5 27. Nd2
Qxd3 28. cxd3 Bd5 29. h3 Rxf2 30. hxg4 h4 31. Rh3 g5 32. Ne4 Bxe4 33. dxe4 Rcf8
34. d5 Rf1 35. Kd1 Rxe1+ 36. Kxe1 Rf4 37. Re3 Rxg4 38. Kf2 Rf4+ 39. Kg2 Kg7 40.
Rc3 Rxe4 41. Rxc7 exd5 42. Rxd7+ Kf8 43. Rxd5 Ke7 44. Kf3 Rf4+ 45. Ke3 h3 46.
Rd2 Ke6 47. Rh2 Rh4 48. Kf3 Kxe5 49. Kg3 Kf5 50. Rf2+ Rf4 51. Rd2 g4 52. Rd7
Rf3+ 53. Kh2 a5 54. Rd5+ Ke4 55. Rb5 Rf2+ 56. Kh1 g3 57. Rxb6 0-1

[Event "N4 LTR/Bogny"]
[Site "?"]
[Date "2008.11.23"]
[Round "2"]
[White "FOURDRIGNIER, Martin"]
[Black "LOUIS, Sophi"]
[Result "1-0"]
[WhiteElo "1680"]
[BlackElo "1510"]
[PlyCount "61"]
[EventDate "2008.11.24"]
[SourceDate "2008.11.28"]

1. e4 e5 2. f4 Nc6 3. Nf3 d6 4. Bc4 Nf6 5. Nc3 Bg4 6. O-O Be7 7. h3 Bh5 8. d3
Qd7 9. Ne2 h6 10. c3 O-O 11. Ng3 Bxf3 12. Rxf3 d5 13. exd5 Nxd5 14. f5 Bc5+ 15.
Kh1 Nf6 16. Bd2 Rfe8 17. Ne4 Nxe4 18. dxe4 Rad8 19. Rd3 Qe7 20. Qf3 Rxd3 21.
Bxd3 Rd8 22. Rd1 Qf6 23. Bc4 Ne7 24. Bc1 Bd6 25. Qg4 Kf8 26. Qh5 Ng8 27. Be3 b6
28. Rf1 Be7 29. g4 g6 30. fxg6 Rd1 31. Bxh6+ 1-0

[Event "N4 BME/Rilly"]
[Site "?"]
[Date "2008.11.23"]
[Round "2"]
[White "BOILLON, Vincent"]
[Black "MEUNIER"]
[Result "1-0"]
[WhiteElo "2157"]
[BlackElo "1948"]
[PlyCount "55"]
[EventDate "2008.11.24"]
[SourceDate "2008.11.28"]

1. d4 d5 2. c4 c6 3. Nc3 Nf6 4. Nf3 e6 5. Bg5 Be7 6. Bxf6 Bxf6 7. e4 dxe4 8.
Nxe4 Be7 9. Bd3 O-O 10. O-O Nd7 11. Qc2 g6 12. Rad1 b6 13. Rfe1 Bb7 14. Qd2 Kg7
15. Qf4 Nf6 16. Neg5 Qd6 17. Qe3 h6 18. Nxf7 Rxf7 19. Ne5 g5 20. h4 c5 21. hxg5
cxd4 22. gxf6+ Rxf6 23. Qg3+ Kf8 24. Bh7 Ke8 25. Qg8+ Bf8 26. Bg6+ Ke7 27. Qh7+
Kd8 28. Qxb7 1-0

[Event "N4 BME/Rilly"]
[Site "?"]
[Date "2008.11.23"]
[Round "2"]
[White "LABROCHE, Jerome"]
[Black "AUBRIET, Laurent"]
[Result "0-1"]
[WhiteElo "1797"]
[BlackElo "2019"]
[PlyCount "60"]
[EventDate "2008.11.24"]
[SourceDate "2008.11.28"]

1. e4 c5 2. f4 d5 3. Nf3 d4 4. d3 Nc6 5. a4 Bg4 6. h3 Bxf3 7. Qxf3 Qb6 8. e5 e6
9. Qd1 Nge7 10. Na3 Nd5 11. Nc4 Qc7 12. g3 Be7 13. Bg2 O-O-O 14. Bd2 h5 15. h4
f6 16. Bf3 g6 17. Qe2 Ncb4 18. O-O-O Qd7 19. Bxb4 Nxb4 20. Qe4 Nd5 21. Kd2 Qxa4
22. Ra1 Qb4+ 23. Ke2 b5 24. c3 dxc3 25. Rhb1 cxb2 26. Rxb2 Qxb2+ 27. Nxb2 Nc3+
28. Ke3 Nxe4 29. Rxa7 Nxg3 30. Bc6 Nf5+ 0-1

[Event "N4 BME/Rilly"]
[Site "?"]
[Date "2008.11.23"]
[Round "2"]
[White "DELMONT, Jean-Robert"]
[Black "BINIAUX, M."]
[Result "1-0"]
[WhiteElo "1970"]
[BlackElo "1650"]
[PlyCount "87"]
[EventDate "2008.11.24"]
[SourceDate "2008.11.28"]

1. d4 d5 2. c4 c6 3. Nc3 Nf6 4. e3 Bf5 5. cxd5 cxd5 6. Qb3 Qb6 7. Nxd5 Nxd5 8.
Qxd5 e6 9. Qb5+ Qc6 10. Bd2 a6 11. Qc4 b5 12. Qxc6+ Nxc6 13. a3 b4 14. Rc1 bxa3
15. bxa3 Nxd4 16. exd4 Bxa3 17. Ra1 Bb2 18. Rxa6 O-O 19. g4 Bxg4 20. f3 Bf5 21.
Be3 Bc3+ 22. Kf2 Rfb8 23. Rc6 Rb2+ 24. Kg3 Be1+ 25. Kf4 f6 26. h4 h6 27. h5 Rd8
28. Bc4 Kh7 29. Bxe6 Bd3 30. Bf5+ Bxf5 31. Kxf5 Rb3 32. Re6 Ra8 33. Ne2 Ra5+
34. Kf4 Rb1 35. Rg1 Rxh5 36. Re7 Rh4+ 37. Kf5 Rb5+ 38. Ke6 Rb6+ 39. Kf7 g5 40.
Rxe1 Rh3 41. Rf1 Rh2 42. Ng3 h5 43. d5 h4 44. Bxb6 1-0

[Event "N4 BME/Rilly"]
[Site "?"]
[Date "2008.11.23"]
[Round "2"]
[White "MAIZIERES"]
[Black "COLIN, Stephanie"]
[Result "0-1"]
[WhiteElo "1499"]
[BlackElo "1844"]
[PlyCount "106"]
[EventDate "2008.11.24"]
[SourceDate "2008.11.28"]

1. e4 e6 2. d4 d5 3. e5 c5 4. c3 Nc6 5. Nf3 Qb6 6. Be2 Bd7 7. O-O cxd4 8. cxd4
Nge7 9. Nc3 Nf5 10. Na4 Qc7 11. a3 Be7 12. b4 Nfxd4 13. Nxd4 Nxd4 14. Qxd4 Bxa4
15. b5 Bc2 16. Bd2 Bg6 17. Bf4 O-O 18. a4 Bc5 19. Qd2 Rfc8 20. Rac1 Qd7 21. Kh1
Rc7 22. Bg3 Rac8 23. Ra1 Qe7 24. Bf4 Bb4 25. Qd4 Bc3 26. Qd1 Bxa1 27. Qxa1 Qb4
28. Bg3 Rc2 29. Bd1 Rc1 30. Qa2 Bc2 31. Be2 Bb3 32. Qb2 R1c2 33. Qb1 Rxe2 34.
h3 Qc3 35. Qa1 Qxa1 36. Rxa1 Rec2 37. Ra3 Bc4 38. Kh2 d4 39. f3 d3 40. Ra1 d2
41. Bf4 Be2 42. Bxd2 Rxd2 43. Kg3 Bd3 44. Ra3 g6 45. Rb3 Rcc2 46. b6 a6 47. a5
Rxg2+ 48. Kf4 Bf5 49. h4 Rc4+ 50. Ke3 Rgc2 51. f4 R2c3+ 52. Rxc3 Rxc3+ 53. Kd4
Ra3 0-1

[Event "N4 BME/Rilly"]
[Site "?"]
[Date "2008.11.23"]
[Round "2"]
[White "CAZZARO, Dorian"]
[Black "BOHR, F."]
[Result "1-0"]
[WhiteElo "1832"]
[BlackElo "1470"]
[PlyCount "75"]
[EventDate "2008.11.24"]
[SourceDate "2008.11.28"]

1. e4 e5 2. Nf3 Nf6 3. Nc3 d6 4. Bc4 Nc6 5. O-O Be7 6. d4 O-O 7. Be3 a6 8. h3
h6 9. Qd2 g5 10. Rad1 b5 11. Bd5 Nxd5 12. Nxd5 Bb7 13. Nxe7+ Qxe7 14. Rfe1 Rad8
15. Qc3 f6 16. dxe5 Nxe5 17. Nxe5 dxe5 18. Bc5 Rd6 19. Bxd6 cxd6 20. Qb3+ Kg7
21. Qb4 Rd8 22. Rd2 Qe6 23. Red1 Qc4 24. Qxc4 bxc4 25. Rxd6 Rxd6 26. Rxd6 Bxe4
27. c3 a5 28. Ra6 Bd3 29. Rxa5 Kg6 30. a4 e4 31. Rd5 f5 32. a5 f4 33. a6 e3 34.
fxe3 fxe3 35. Re5 e2 36. Kf2 Kf6 37. Rxe2 Bxe2 38. Kxe2 1-0

[Event "N4 BME/Rilly"]
[Site "?"]
[Date "2008.11.23"]
[Round "2"]
[White "MEYER, C."]
[Black "DHAUSSY, Adrien"]
[Result "0-1"]
[WhiteElo "1499"]
[BlackElo "1890"]
[PlyCount "64"]
[EventDate "2008.11.24"]
[SourceDate "2008.11.28"]

1. e4 c5 2. Nc3 Nc6 3. d3 g6 4. Nf3 Bg7 5. Bd2 e6 6. Be2 Nge7 7. O-O O-O 8. Qe1
d5 9. Be3 d4 10. Bd2 dxc3 11. Bxc3 Nd4 12. Qd2 Nec6 13. Bd1 b6 14. Re1 Bb7 15.
Qe3 Qc7 16. e5 Nf5 17. Qe4 Ncd4 18. Qf4 Rad8 19. Bd2 Bxf3 20. gxf3 Bh6 21. Qe4
Bxd2 22. Rf1 Qe7 23. Kg2 Qg5+ 24. Qg4 Qf4 25. c3 Nh4+ 26. Kh3 Ndxf3 27. Qg3
Ng5+ 28. Qxg5 Qxg5 29. Bg4 Rxd3+ 30. f3 h5 31. Rg1 hxg4+ 32. Kg3 Rxf3# 0-1

[Event "N4 BME/Rilly"]
[Site "?"]
[Date "2008.11.23"]
[Round "2"]
[White "GUILBAUD, Bertrand"]
[Black "FRANCOIS, JC."]
[Result "1-0"]
[WhiteElo "1830"]
[BlackElo "1170"]
[PlyCount "67"]
[EventDate "2008.11.24"]
[SourceDate "2008.11.28"]

1. c4 e5 2. Nc3 Nf6 3. Nf3 Nc6 4. g3 b6 5. Bg2 Bb7 6. Nxe5 Na5 7. Bxb7 Nxb7 8.
d4 d5 9. b3 Bb4 10. Qd3 O-O 11. a3 Bxc3+ 12. Qxc3 Qc8 13. O-O c6 14. Bf4 Ne4
15. Qc2 f6 16. Nd3 Nd8 17. f3 Ng5 18. Bd6 Re8 19. Bb4 a5 20. Bd2 Ndf7 21. Nf4
Re7 22. cxd5 c5 23. Rac1 Qd7 24. dxc5 Nh3+ 25. Nxh3 Qxh3 26. c6 Rc7 27. Bf4 Ne5
28. Bxe5 fxe5 29. d6 Rf7 30. Rfd1 Rc8 31. d7 Rxd7 32. Rxd7 Qxd7 33. cxd7 Rd8
34. Qc7 1-0

[Event "Chaumont/Rilly"]
[Site "?"]
[Date "2009.01.18"]
[Round "4"]
[White "RAPINEL, Franck"]
[Black "BARDOUX, Thierry"]
[Result "1/2-1/2"]
[WhiteElo "2114"]
[BlackElo "2160"]
[PlyCount "104"]
[EventDate "2009.01.18"]
[SourceDate "2009.01.18"]

1. Nf3 Nf6 2. c4 d6 3. Nc3 g6 4. e4 Bg7 5. d4 O-O 6. Be2 e5 7. Be3 Ng4 8. Bg5
f6 9. Bh4 h5 10. h3 Nh6 11. d5 g5 12. Bg3 f5 13. Nd2 f4 14. Bh2 g4 15. Bg1 Qh4
16. Qb3 Na6 17. O-O-O Nc5 18. Qc2 f3 19. gxf3 gxh3 20. Rf1 Nf7 21. Bh2 Bh6 22.
Kb1 Bf4 23. Rfg1+ Kh8 24. Bg3 Qf6 25. b4 Na6 26. a3 Rg8 27. Bf1 Ng5 28. Bxf4
Qxf4 29. Ne2 Qf6 30. Qc3 Bd7 31. f4 Nh7 32. Bxh3 Rxg1+ 33. Rxg1 Bxh3 34. Qxh3
exf4 35. Qxh5 Rf8 36. f3 c5 37. b5 Nb8 38. Qg6 Nd7 39. Qxf6+ Rxf6 40. Rg4 Ne5
41. Rh4 Ng6 42. Rh5 Kg7 43. Kc2 Nhf8 44. Rg5 Nd7 45. Nc1 Nde5 46. Nd3 Nxd3 47.
Kxd3 Kh6 48. Rg1 Ne5+ 49. Ke2 Kh7 50. Rg5 Nf7 51. Rg4 Ne5 52. Rg5 Nf7 1/2-1/2

[Event "Chaumont/Rilly"]
[Site "?"]
[Date "2009.01.18"]
[Round "4"]
[White "GASIOR, Jérome"]
[Black "ADDA, Olivier"]
[Result "1-0"]
[WhiteElo "2130"]
[BlackElo "2105"]
[PlyCount "109"]
[EventDate "2009.01.18"]
[SourceDate "2009.01.18"]

1. e4 e5 2. f4 exf4 3. Bc4 Nc6 4. d4 Nf6 5. e5 d5 6. exf6 dxc4 7. d5 Ne5 8.
Bxf4 Qxf6 9. Ne2 Bc5 10. Nbc3 Bf5 11. Qd2 O-O 12. O-O-O b5 13. Ng3 Rfe8 14.
Rde1 Bd6 15. Nxb5 Rab8 16. Nxd6 cxd6 17. Rhf1 c3 (17... Rxb2 $5 18. Bxe5 Reb8
$13) 18. Qxc3 Rec8 19. Bxe5 dxe5 20. Rxf5 Rxc3 21. Rxf6 Rxg3 22. Rxf7 Rxg2 23.
Rxa7 Rc8 24. c3 Rb8 25. Rxe5 Rf8 26. Re1 h5 27. h4 Rff2 28. Rb7 Rd2 29. Rd1
Rxd1+ 30. Kxd1 Kf8 31. Rb4 Ke7 32. a4 Kd6 33. a5 g6 34. b3 Kxd5 35. Ra4 Rf2 36.
a6 Rf8 37. a7 Ra8 38. Ke2 Kc6 39. Kf3 Kb7 40. Rb4+ Kc6 41. Ra4 Kb7 42. Kf4 Rf8+
43. Kg5 Ka8 44. Kxg6 Rh8 45. Ra5 Rg8+ 46. Kxh5 Rg3 47. Rc5 Kxa7 48. b4 Kb6 49.
Kh6 Rg4 50. h5 Rg3 51. Kh7 Kb7 52. h6 Kb6 53. Kh8 Kb7 54. h7 Rg4 55. Rf5 1-0

[Event "Chaumont/Rilly"]
[Site "?"]
[Date "2009.01.18"]
[Round "4"]
[White "CARNIOL, Thomas"]
[Black "MEUNIER, Samuel"]
[Result "0-1"]
[WhiteElo "2093"]
[BlackElo "1948"]
[PlyCount "122"]
[EventDate "2009.01.18"]
[SourceDate "2009.01.18"]

1. e4 c5 2. Nf3 d6 3. Bb5+ Nd7 4. d4 cxd4 5. Qxd4 a6 6. Bc4 Ngf6 7. Nc3 e6 8.
Bg5 Be7 9. O-O-O b5 10. Bb3 O-O 11. e5 dxe5 12. Nxe5 Nxe5 13. Qxe5 Nd7 14. Bxe7
Qxe7 15. Qc7 Qd8 16. Qxd8 Rxd8 17. Rd2 Re8 18. Ne4 Nb6 19. Rhd1 Kf8 20. f4 Ra7
21. Rd6 Nd5 22. Bxd5 exd5 23. Ng5 h6 24. Nf3 Be6 25. Re1 Rc8 26. Nd4 Rc4 27.
Rd8+ Ke7 28. Rxd5 Kf6 29. Nxe6 fxe6 30. Rd6 Rxf4 31. Rexe6+ Kg5 32. Rd5+ Rf5
33. Rxf5+ Kxf5 34. Re2 Rd7 35. c3 g5 36. Kc2 h5 37. Kb3 h4 38. h3 g4 39. hxg4+
Kxg4 40. Kb4 Rf7 41. a4 Rf4+ 42. Kc5 Rxa4 43. b4 Kg3 44. Kb6 Ra1 45. Kb7 Rg1
46. Kxa6 Rxg2 47. Re8 h3 48. Kxb5 h2 49. Rh8 Rg1 50. c4 h1=Q 51. Rxh1 Rxh1 52.
c5 Kf4 53. c6 (53. Kc6 $3 Ke4 54. b5 Rh6+ 55. Kb7 Rh7+ 56. Kc6 Kd4 57. b6 Rh6+
58. Kb5 $11) 53... Ke5 54. Kb6 Kd6 55. b5 Rh7 56. Ka6 Kc7 57. Ka7 Rh1 58. b6+
Kxc6 59. b7 Ra1+ 60. Kb8 Rb1 61. Ka8 Kc7 0-1

[Event "Chaumont/Rilly"]
[Site "?"]
[Date "2009.01.18"]
[Round "4"]
[White "RAULET, Alain"]
[Black "MOUCHEROUD, Jérémy"]
[Result "0-1"]
[WhiteElo "1965"]
[BlackElo "2043"]
[PlyCount "82"]
[EventDate "2009.01.18"]
[SourceDate "2009.01.18"]

1. c4 e6 2. g3 d5 3. Bg2 c6 4. b3 dxc4 5. bxc4 Qd4 6. Nc3 Qxc4 7. Nf3 Nf6 8.
Bb2 Nbd7 9. O-O Be7 10. d3 Qb4 11. Qc2 O-O 12. a4 Qa5 13. Nd4 Nc5 14. Ba3 Qd8
15. Nf3 a5 16. d4 Na6 17. e4 Rb8 18. Bxe7 Qxe7 19. Ne5 Rd8 20. Rfd1 Qc7 21. Ne2
Nb4 22. Qc3 b6 23. Nf4 Bb7 24. d5 exd5 25. exd5 c5 26. d6 Rxd6 27. Rxd6 Qxd6
28. Bxb7 Rxb7 29. Re1 Re7 30. Nc4 Qd4 31. Rc1 Qxc3 32. Rxc3 g5 33. Nh3 Nfd5 34.
Rc1 g4 35. Nf4 Re4 36. Nd6 Nxf4 37. gxf4 Rxf4 38. Re1 Nd5 39. Re5 Nc3 40. Rg5+
Kf8 41. Nc8 Nxa4 0-1

[Event "Chaumont/Rilly"]
[Site "?"]
[Date "2009.01.18"]
[Round "4"]
[White "PICARD, Serge"]
[Black "LABROCHE, Jérome"]
[Result "1-0"]
[WhiteElo "2097"]
[BlackElo "1785"]
[Annotator "picard,serge"]
[PlyCount "53"]
[EventDate "2009.01.18"]
[SourceDate "2009.01.18"]

1. e4 e5 2. Nf3 Nf6 3. Nxe5 Nxe4 4. Qe2 Qe7 5. Qxe4 d6 6. d4 dxe5 7. dxe5 Nc6
8. Bb5 Bd7 9. O-O O-O-O 10. Nc3 Nxe5 11. Qa4 Qb4 12. Bxd7+ Nxd7 13. Qxa7 Nb6
14. a3 Qc4 15. Be3 Bc5 16. Bxc5 Qxc5 17. Na4 Qc6 18. Nxb6+ cxb6 19. a4 Rhe8 20.
a5 Rd2 21. axb6 Ree2 22. Qa5 Rxc2 23. Qf5+ (23. Rad1 $3 $18) 23... Qe6 24. Ra8+
(24. Qd3 $3 Kb8 25. Qg3+ Qe5 26. Qa3 Kc8 27. Qd3 $18) 24... Kd7 25. Qb5+ (25.
Qf3 $3 $18) 25... Qc6 26. Rd1+ Rcd2 (26... Ke7 $3 27. Qb4+) 27. Qxe2 1-0

[Event "Chaumont/Rilly"]
[Site "?"]
[Date "2009.01.18"]
[Round "4"]
[White "BINIAUX, Mickael"]
[Black "MASERA, Michel"]
[Result "0-1"]
[WhiteElo "1956"]
[BlackElo "1670"]
[PlyCount "70"]
[EventDate "2009.01.18"]
[SourceDate "2009.01.18"]

1. d4 c5 2. c3 Nf6 3. e3 e6 4. Bd3 d5 5. Nd2 b6 6. f4 Bd6 7. Ngf3 O-O 8. Ne5
Bb7 9. Qf3 Qc7 10. O-O Nbd7 11. g4 Rab8 12. g5 Ne8 13. Qh3 g6 14. Ndf3 Ng7 15.
Kg2 Nxe5 16. fxe5 Be7 17. Qg4 Qd8 18. h4 c4 19. Bc2 b5 20. a3 a5 21. Bd2 Ba8
22. Rh1 Nh5 23. Nh2 b4 24. axb4 axb4 25. Qf3 Ng7 26. Ng4 Nf5 27. Nf6+ Bxf6 28.
gxf6 bxc3 29. bxc3 Rb2 30. Rac1 Qa5 31. Be1 Qa2 32. Qe2 Rxc2 33. Rxc2 Qxc2 34.
Bd2 Qe4+ 35. Kh2 Qxh4+ 0-1

[Event "Chaumont/Rilly"]
[Site "?"]
[Date "2009.01.18"]
[Round "4"]
[White "BEAUGRAND, Julien"]
[Black "MEYER, Caroline"]
[Result "1-0"]
[WhiteElo "1747"]
[BlackElo "1499"]
[PlyCount "67"]
[EventDate "2009.01.18"]
[SourceDate "2009.01.18"]

1. e4 e5 2. Nf3 Nf6 3. d3 d6 4. Nc3 Bg4 5. Be2 Nc6 6. O-O Be7 7. Be3 O-O 8. d4
Bh5 9. d5 Nb4 10. a3 Na6 11. Nd2 Bg6 12. Bxa6 bxa6 13. Qe2 Qc8 14. f3 Nh5 15.
Nb3 Bf6 16. Na5 Nf4 17. Qc4 Qb8 18. Rab1 c5 19. dxc6 Qc7 20. Qxa6 Rab8 21. Bxa7
Ra8 22. Nb5 Ne2+ 23. Kh1 Qd8 24. Nb7 Qe7 25. Qb6 Qe6 26. Nc7 Qc4 27. Nxa8 Rxa8
28. Nxd6 Qxc2 29. c7 Be7 30. Qb8+ Bf8 31. Qxa8 Qxc7 32. b4 Qxd6 33. Bc5 Qd7 34.
Qxf8# 1-0

[Event "Chaumont/Rilly"]
[Site "?"]
[Date "2009.01.18"]
[Round "4"]
[White "FRANCOIS, Jean-Claude"]
[Black "LOUOT, Catherine"]
[Result "0-1"]
[WhiteElo "1160"]
[BlackElo "1530"]
[PlyCount "88"]
[EventDate "2009.01.18"]
[SourceDate "2009.01.18"]

1. e4 e5 2. Nf3 Nf6 3. Nc3 Nc6 4. Bb5 Bc5 5. O-O d6 6. d3 h6 7. h3 O-O 8. a3
Be6 9. b4 Bd4 10. Bb2 d5 11. Bxc6 bxc6 12. Rb1 Bxc3 13. Bxc3 d4 14. Bb2 Nd7 15.
c3 dxc3 16. Bxc3 Qf6 17. g4 Rfe8 18. Nh2 h5 19. f3 Qh4 20. Be1 Qxh3 21. Qe2 h4
22. Rb2 g5 23. Qd2 f6 24. Rc2 Rad8 25. Rxc6 Nf8 26. Rxc7 Ng6 27. Rxa7 Nf4 28.
Ra6 Rxd3 29. Qc2 Bb3 30. Qb2 Rf8 31. b5 Bc4 32. Ra4 Rb3 33. Qc2 Bxf1 34. Qxb3+
Kg7 35. Ra7+ Kg6 36. Qc2 Be2 37. Kf2 Qxh2+ 38. Ke3 Qg2 39. Kd2 Bxb5+ 40. Kd1
Qxf3+ 41. Kc1 Qe3+ 42. Qd2 Rc8+ 43. Kd1 Qf3+ 44. Qe2 Qxe2# 0-1

[Event "Echiquier Aubois / Epernay"]
[Site "?"]
[Date "2009.01.18"]
[Round "4"]
[White "Tournier, Thimothee"]
[Black "Schelfhout-Melin, Marie"]
[Result "0-1"]
[WhiteElo "1921"]
[BlackElo "1850"]
[PlyCount "66"]
[EventDate "2008.12.14"]
[SourceDate "2009.01.18"]

1. e4 e5 2. Nf3 Nc6 3. Bb5 Nf6 4. d3 d6 5. O-O a6 6. Bxc6+ bxc6 7. d4 exd4 8.
Nxd4 Bb7 9. Re1 Be7 10. Nf5 O-O 11. b3 Nd7 12. Nxe7+ Qxe7 13. Bb2 f6 14. Nd2
Qf7 15. Nc4 Rad8 16. Na5 Ba8 17. Qe2 Nb8 18. Qe3 c5 19. Rad1 Nc6 20. Nc4 Rfe8
21. Qc1 Qg6 22. Qf4 Nb4 23. c3 Bxe4 24. f3 Nd3 25. Qxe4 Rxe4 26. Rxe4 Ne5 27.
Nxe5 fxe5 28. c4 Rf8 29. Kh1 Qh5 30. Rde1 Qg5 31. Bc1 Qd8 32. Rd1 Qa8 33. Rd3
Qxe4 0-1

[Event "Echiquier Aubois / Epernay"]
[Site "?"]
[Date "2009.01.18"]
[Round "4"]
[White "Barreaud, Samuel"]
[Black "Ferrand, Christophe"]
[Result "0-1"]
[WhiteElo "1840"]
[BlackElo "1901"]
[PlyCount "86"]
[EventDate "2008.12.14"]
[SourceDate "2009.01.18"]

1. c4 e5 2. Nc3 Nf6 3. e4 Bc5 4. d3 h6 5. f4 d6 6. f5 Nc6 7. a3 a5 8. Nd5 Nd4
9. Nf3 c6 10. Nxf6+ Qxf6 11. Nxd4 Bxd4 12. Qe2 O-O 13. Be3 Re8 14. g4 Qh4+ 15.
Bf2 Qd8 16. Bxd4 exd4 17. h4 d5 18. O-O-O dxc4 19. dxc4 c5 20. Qf3 Bd7 21. Qf4
Qe7 22. Bd3 Bc6 23. Rde1 Qe5 24. Qxe5 Rxe5 25. Re2 a4 26. h5 Rb8 27. Rg1 f6 28.
Rge1 b5 29. cxb5 Bxb5 30. Bxb5 Rxb5 31. Rd1 Kf7 32. Kc2 Ke7 33. Rd3 Kd6 34. Rd1
Re8 35. Rf1 Reb8 36. Kb1 c4 37. Rff2 Ke5 38. Ka2 d3 39. Re1 Kd4 40. Rd2 Re5 41.
Rdd1 Rxe4 42. Rxe4+ Kxe4 43. Re1+ Kf3 0-1

[Event "Echiquier Aubois / Epernay"]
[Site "?"]
[Date "2009.01.18"]
[Round "4"]
[White "Guillaume, Jean-Francois"]
[Black "Melin, Geoges"]
[Result "1-0"]
[WhiteElo "1910"]
[BlackElo "1780"]
[PlyCount "153"]
[EventDate "2008.12.14"]
[SourceDate "2009.01.18"]

1. Nf3 Nf6 2. g3 g6 3. Bg2 Bg7 4. O-O O-O 5. d3 d5 6. c3 c5 7. Nbd2 Qc7 8. e4
dxe4 9. dxe4 Nc6 10. Qe2 Rd8 11. a4 Ng4 12. Nc4 Qd7 13. h3 Nge5 14. Nfxe5 Nxe5
15. Nxe5 Bxe5 16. Be3 Qc7 17. f4 Bg7 18. e5 Be6 19. Rfd1 Rac8 20. Rxd8+ Rxd8
21. Kh2 Bd5 22. Bxd5 Rxd5 23. Qc4 Qd7 24. Qb5 b6 25. Qxd7 Rxd7 26. a5 Rd3 27.
axb6 axb6 28. Re1 Kf8 29. Kg2 Ke8 30. Kf2 Rd5 31. Ra1 Rd7 32. Ra8+ Rd8 33. Ra7
Rb8 34. g4 g5 35. Kf3 gxf4 36. Bxf4 e6 37. Ke4 Bf8 38. h4 c4 39. Be3 b5 40. Bd4
Be7 41. g5 Bd8 42. Bc5 Rc8 43. Bd4 Rc7 44. Ra8 Rb7 45. Be3 b4 46. Bc5 bxc3 47.
bxc3 Kd7 48. Kd4 Rb1 49. Ra4 Rh1 50. Ra7+ Kc6 51. Kxc4 Rxh4+ 52. Bd4 Rf4 53.
Ra6+ Kb7 54. Ra7+ Kb8 55. Rd7 Bxg5 56. Kb5 h5 57. Kc6 h4 58. Rb7+ Ka8 59. Rd7
Kb8 60. Rb7+ Kc8 61. Ra7 Kb8 62. Rb7+ Ka8 63. Rb4 Rxd4 64. cxd4 Ka7 65. Rb7+
Ka6 66. Rxf7 Ka5 67. Kc5 Ka6 68. Rf3 Kb7 69. Kd6 Bd2 70. Kxe6 Kc7 71. d5 Bh6
72. Rf7+ Kd8 73. Rd7+ Kc8 74. Rh7 Bg5 75. Kd6 Kb8 76. Kd7 Kb7 77. e6 1-0